| 000 | 00564nam a2200157Ia 4500 | ||
|---|---|---|---|
| 008 | 220216s9999 xx 000 0 und d | ||
| 100 | _aRaghavendra A S | ||
| 245 | 4 | _aThe Pattern of latex flow during tapping clonal variation in relation to plugging and drought tolerance | |
| 260 |
_bProceedings of Colloquim on Exploitation. Physiology and improvement of Hevea. IRCA, Montepellier, France.1984. pp. 205-226 _c1984 |
||
| 700 | _aMathew S | ||
| 700 | _aRao G G | ||
| 700 | _aSatheesan K V | ||
| 700 | _aSethuraj M R | ||
| 700 | _aSulochanamma S | ||
| 942 | _cJS | ||
| 999 |
_c70898 _d70898 |
||